| 000 | 01518nam a2200421 i 4500 | ||
|---|---|---|---|
| 001 | 5714 | ||
| 003 | KOSZ 005 | ||
| 005 | 20200715130926.0 | ||
| 008 | 970513s1992 pl a f |000 0 pol | ||
| 015 | _aPB 1992/10800 | ||
| 020 | _a8320808820 | ||
| 035 | _a991001551929705066 | ||
| 035 | _a(PL-WaBN)b10442881-48omnis_nlop | ||
| 035 | _ab10442881 | ||
| 035 | _a(OCoLC)834077737 | ||
| 035 | _a(PL)b0000001044288 | ||
| 035 | _a(EXLNZ-48OMNIS_NETWORK)9910407794405606 | ||
| 040 |
_aWA N _cWA N _dKOSZ 005/EC |
||
| 041 | 1 |
_apol _heng |
|
| 046 | _k1992 | ||
| 080 | _a338.242 | ||
| 100 | 1 |
_aSavas, Emanuel S. _eAutor |
|
| 245 | 1 | 0 |
_aPrywatyzacja : _bklucz do lepszego rządzenia / _cE. S. Savas ; przekł. [z ang.] Urszula Grzelońska. |
| 246 | 1 |
_iTyt. oryg.: _aPrivatization : the key to better goverment, _f1987 |
|
| 260 |
_aWarszawa : _bPaństwowe Wydawnictwo Ekonomiczne : przy współpr. USIA [United States Information Agency etc.], _c1992 _e(Krak. : _fDNar.). |
||
| 300 |
_a354, [2] s. : _b1 wykr. ; _c21 cm. |
||
| 380 | _aKsiążki | ||
| 388 | _a1901-2000 | ||
| 388 | _a1989-2000 | ||
| 500 | _aNa okł. błędny ISBN. | ||
| 658 | _aGospodarka, ekonomia, finanse | ||
| 650 | 4 | _aPrywatyzacja | |
| 700 | 1 |
_aGrzelońska, Urszula _d(1939- ). _eTłumaczenie |
|
| 710 | 2 |
_aPaństwowe Wydawnictwo Ekonomiczne _4pbl. |
|
| 856 |
_uhttp://koha.tu.koszalin.pl/cgi-bin/koha/opac-detail.pl?biblionumber=5714 _yKatalog online BPK |
||
| 942 |
_2UKD _cKS |
||
| 999 |
_c5714 _d5714 |
||